000 01346nam a2200265 a 4500
001 000014090
005 20250307073709.0
008 091204s1960 mx r 001 0 spa d
040 _aDO-SdBNP
_bspa
_cBNPHU
082 _axxxx
_bH519c
100 1 _aHenríquez Ureña, Pedro,
_d1884-1946
_91718
245 1 0 _aObra crítica /
_cPedro Henríquez Ureña ; prólogo Jorge Luis Borges ; edición, bibliografía e índice onomástico Emma Susana Speratti Piñero.
260 _aMéxico :
_bFondo de Cultura Económica,
_c1960.
300 _axiii, 844 p. ;
_c22 cm.
490 1 _aLiteratura moderna, pesamiento y acción
500 _aIncluye índice onomástico
500 _aProyectada por Pedro Henríquez Ureña y publicada en memoria suya
500 _aIncluye referencias bibliográficas y notas al pie de las páginas
504 _aIncluye bibliografía : p. 754-795
505 2 _aEnsayos críticos -- Horas de estudio -- En la orilla -- Mi España -- Seis ensayos en busca de nuestra expresión -- La cultura y las letras coloniales en Santo Domingo -- Plenitud de España -- Antología de Artículos y conferencias .
590 _aInventariado, 2019/BT
700 1 _aBorges, Jorge Luis,
_d1899-1986
_epról.
_94173
700 1 _aSperatti Piñero, Emma Susana,
_eed.
_931895
830 0 _aLiteratura moderna, pesamiento y acción
_931896
999 _c13692
_d13692